[Event "SUI-ch HT2"]
[Site "Graechen"]
[Date "2009.07.17"]
[Round "7"]
[White "Fopp, Stefan"]
[Black "Montanari, Josef"]
[Result "1-0"]
[WhiteElo "1698"]
[BlackElo "1772"]
[PlyCount "79"]
[EventDate "2009.07.11"]
[EventType "swiss"]
[EventRounds "7"]
[EventCountry "SUI"]
[SourceTitle "EXT 2024"]
[Source "ChessBase"]
[SourceDate "2023.10.10"]
[SourceVersion "1"]
[SourceVersionDate "2023.10.10"]
[SourceQuality "1"]

1. e4 e6 2. d4 d5 3. e5 c5 4. c3 Nc6 5. Nf3 cxd4 6. cxd4 Be7 7. Bd3 Qb6 8. 0-0 f6 9. exf6 Nxf6 10. Nc3 Bd7 11. Re1 0-0-0 12. Ng5 Rhf8 13. Nxe6 Bxe6 14. Rxe6 h5 15. Bf5 Kb8 16. a4 Ka8 17. Nb5 Ne8 18. Qxh5 a6 19. Bf4 Qa5 20. Nc3 Nxd4 21. Rxe7 Nxf5 22. Re5 Nd4 23. Nxd5 g6 24. Qh6 Rxd5 25. Rxd5 Qxd5 26. Qxf8 Qe4 27. Be3 Nf5 28. Qc5 Nxe3 29. Qxe3 Qc6 30. Rc1 Qd7 31. Qc5 Kb8 32. h3 Ng7 33. Qe5+ Ka8 34. Rc7 Qe6 35. Qxg7 Qd6 36. Rxb7 Qd1+ 37. Kh2 Qd6+ 38. g3 Qd5 39. Ra7+ Kb8 40. Qc7# 1-0

[Event "SUI-ch U12"]
[Site "Winterthur"]
[Date "2007.10.07"]
[Round "5"]
[White "Meylan, Andre"]
[Black "Fopp, Stefan"]
[Result "1-0"]
[WhiteElo "1789"]
[BlackElo "1522"]
[PlyCount "63"]
[EventDate "2007.10.05"]
[EventType "swiss"]
[EventRounds "7"]
[EventCountry "SUI"]
[SourceTitle "EXT 2009"]
[Source "ChessBase"]
[SourceDate "2008.11.26"]
[SourceVersion "1"]
[SourceVersionDate "2008.11.26"]
[SourceQuality "1"]

1. e4 e6 2. d4 d5 3. e5 c5 4. Qg4 cxd4 5. Nf3 Nc6 6. Bd3 Qc7 7. Qg3 Bd7 8. 0-0 0-0-0 9. a3 g6 10. b4 f5 11. Re1 Bg7 12. Nbd2 a5 13. Nb3 Kb8 14. bxa5 Nxa5 15. Rb1 Nxb3 16. Rxb3 Ne7 17. Bg5 Rde8 18. Nxd4 h6 19. Bd2 g5 20. f4 Reg8 21. Qf2 gxf4 22. Bxf4 Ng6 23. Ba6 Ka8 24. Bxb7+ Kb8 25. Ba6+ Ka8 26. Bb7+ Kb8 27. Bxd5+ Kc8 28. Nxe6 Qa5 29. Bb7+ Kb8 30. Ba6+ Ka8 31. Qf3+ Ka7 32. Qb7# 1-0

[Event "SUI-ch U12"]
[Site "Winterthur"]
[Date "2007.10.07"]
[Round "4"]
[White "Rindlisbacher, Lars"]
[Black "Fopp, Stefan"]
[Result "1-0"]
[WhiteElo "1969"]
[BlackElo "1522"]
[PlyCount "63"]
[EventDate "2007.10.05"]
[EventType "swiss"]
[EventRounds "7"]
[EventCountry "SUI"]
[SourceTitle "EXT 2009"]
[Source "ChessBase"]
[SourceDate "2008.11.26"]
[SourceVersion "1"]
[SourceVersionDate "2008.11.26"]
[SourceQuality "1"]

1. e4 e6 2. d4 d5 3. Nc3 Nf6 4. Bg5 Be7 5. e5 Nfd7 6. h4 h6 7. Be3 Bxh4 8. Qg4 Be7 9. Qxg7 Rf8 10. Bxh6 Nc6 11. Nf3 b6 12. Qh7 Bb7 13. Bxf8 Nxf8 14. Qg8 Qd7 15. Rh8 0-0-0 16. Qxf7 Na5 17. a3 Kb8 18. g4 Qe8 19. Qxe8 Rxe8 20. g5 Rd8 21. Bd3 Nc4 22. g6 Nxg6 23. Rxd8+ Bxd8 24. Bxg6 Nxb2 25. Ke2 Ba6+ 26. Ke3 Kc8 27. Kf4 c5 28. Rh1 cxd4 29. Nxd4 Kd7 30. Rh7+ Be7 31. Nxe6 d4 32. Nxd4 1-0

[Event "SUI-ch U12"]
[Site "Winterthur"]
[Date "2007.10.06"]
[Round "3"]
[White "Fopp, Stefan"]
[Black "Stoeri, Laura"]
[Result "1-0"]
[WhiteElo "1522"]
[BlackElo "1642"]
[PlyCount "97"]
[EventDate "2007.10.05"]
[EventType "swiss"]
[EventRounds "7"]
[EventCountry "SUI"]
[SourceTitle "EXT 2009"]
[Source "ChessBase"]
[SourceDate "2008.11.26"]
[SourceVersion "1"]
[SourceVersionDate "2008.11.26"]
[SourceQuality "1"]

1. e4 e5 2. Nf3 Nc6 3. Bc4 Bc5 4. Nc3 Nf6 5. d3 0-0 6. Bg5 h6 7. Bh4 Be7 8. Qd2 d6 9. 0-0-0 Bd7 10. h3 Na5 11. Bb3 Nxb3+ 12. cxb3 c6 13. g4 Nh7 14. Bxe7 Qxe7 15. Kb1 Be6 16. Ng1 Qg5 17. Qe2 Qf6 18. Rf1 d5 19. Qd2 Rfd8 20. f4 exf4 21. Rxf4 Qe7 22. exd5 Bxd5 23. Nxd5 Rxd5 24. Nf3 Rad8 25. Re1 Qd7 26. Ne5 Qd6 27. Nxf7 Rxd3 28. Qc1 Qg6 29. Ne5 Qd6 30. Nxd3 Qxd3+ 31. Ka1 Qxh3 32. Qc4+ Kh8 33. Qf7 Rf8 34. Qc7 Rg8 35. Qxb7 Nf6 36. Qxc6 Nxg4 37. Qe6 h5 38. a3 Rb8 39. Ka2 Qg3 40. Rxg4 Qxg4 41. Qxg4 hxg4 42. Rg1 Kh7 43. b4 Rb6 44. Rxg4 Rg6 45. Re4 Ra6 46. b5 Rb6 47. a4 Kh6 48. Rc4 g5 49. Rc6+ 1-0